Engineering Mechanics Vol.I Statics (Record no. 323873)
[ view plain ]
| 000 -LEADER | |
|---|---|
| fixed length control field | 00478nam a2200181Ia 4500 |
| 008 - FIXED-LENGTH DATA ELEMENTS--GENERAL INFORMATION | |
| fixed length control field | 230718s9999 xx 000 0 und d |
| 020 ## - INTERNATIONAL STANDARD BOOK NUMBER | |
| International Standard Book Number | 9788126508327 |
| 041 ## - LANGUAGE CODE | |
| Language code of text/sound track or separate title | eng |
| 082 ## - DEWEY DECIMAL CLASSIFICATION NUMBER | |
| Classification number | 620.1 |
| Item number | MER |
| 100 ## - MAIN ENTRY--PERSONAL NAME | |
| Personal name | Meriam J.L. |
| 245 ## - TITLE STATEMENT | |
| Title | Engineering Mechanics Vol.I Statics |
| 250 ## - EDITION STATEMENT | |
| Edition statement | 5th ed. |
| 260 ## - PUBLICATION, DISTRIBUTION, ETC. (IMPRINT) | |
| Date of publication, distribution, etc. | 2007 |
| Name of publisher, distributor, etc. | John Wiley |
| 300 ## - PHYSICAL DESCRIPTION | |
| Extent | 494 |
| 365 ## - TRADE PRICE | |
| Currency code | Rs. |
| Price amount | 399.00 |
| 700 ## - ADDED ENTRY--PERSONAL NAME | |
| Personal name | Meriam J.L. & Kraige L.G. |
| 906 ## - LOCAL DATA ELEMENT F, LDF (RLIN) | |
| d | O:0052405-Feb-2010B:100407-Jan-2010 |
| c | SS |
| b | 498.75 |
| Withdrawn status | Lost status | Damaged status | Not for loan | Home library | Current library | Date acquired | Vendor | Budget Code | Cost, normal purchase price | Bill number | Total Checkouts | Full call number | Barcode | Date last seen | Discount | Cost, replacement price | Bill Date | Koha item type | Original Barcode |
|---|---|---|---|---|---|---|---|---|---|---|---|---|---|---|---|---|---|---|---|
| Cummins College of Engineering for Women Pune | Cummins College of Engineering for Women Pune | 05/02/2010 | Pradeep Book Distributors | SS | 299.25 | 1004 | 620.1 | CCEP-BK-35080 | 18/07/2023 | 498.75 | 399.00 | 07/01/2010 | Books | 035080 |